| 000 | 00421nam a2200157Ia 4500 | ||
|---|---|---|---|
| 008 | 240729s9999 xx 000 0 und d | ||
| 022 | _a2772-5189 | ||
| 245 | 0 | _aIndian Pediatrics Case Reports | |
| 260 | _aIndia | ||
| 260 | _bWolters Kluwer Medknow Publications | ||
| 650 | _a Pediatrics | ||
| 650 | _aMedicine | ||
| 856 | _uhttps://doaj.org/toc/8b57a67d609d4e82a55b3ae61b60a9d1 | ||
| 942 | _2ddc | ||
| 942 | _cDOAJEJ | ||
| 999 |
_c73452 _d73452 |
||
| 945 |
_a1 _bMadushi Gamage _c1 _dMadushi Gamage |
||